| 000 | 00653cam a22002172 4500 | ||
|---|---|---|---|
| 001 | 0000002585 | ||
| 005 | 20151217154334.0 | ||
| 008 | 070416s xx 000 0 eng d | ||
| 020 |
_a0674510534 : _cKES 500 |
||
| 040 |
_aKABU _cKABU |
||
| 050 | 0 |
_aP118 _b.P56 1996 |
|
| 100 | 1 |
_aPinker, Steven. _@0000151995 |
|
| 245 | 1 | 0 | _aLanguage learnability and language development. |
| 260 |
_aLondon : _bHarvard Univ. Press, _c1996. |
||
| 300 | _axxxvi, 435 p. | ||
| 500 | _awith new commentary by the author. | ||
| 650 | 0 |
_aLanguage acquisition. _@0000151996 |
|
| 908 | _a070416 | ||
| 950 | _@1 | ||
| 999 |
_c10603 _d10603 |
||